Film d'animazione con maggiori incassi negli anni 90 - Statistics

Statistiche generali
  • Questo quiz è stato fatto 27 volte
  • Il punteggio medio è 8 su 15
Statistiche sulle risposte
Incasso ($) Anno di uscita del film Film % Corretto
968 483 777 1994 Il re leone
96%
424 967 620 1991 La Bella e la Bestia
83%
504 050 219 1992 Aladdin
67%
352 338 851 1996 Il Gobbo di Notre Dame
67%
304 320 254 1998 Mulan
67%
346 079 773 1995 Pocahontas
67%
373 554 033 1995 Toy Story
67%
497 366 869 1999 Toy Story 2
67%
252 712 101 1997 Hercules
50%
448 191 819 1999 Tarzan
50%
218 613 188 1998 Il Principe d'Egitto
33%
171 757 863 1998 Z la formica
29%
363 398 565 1999 A Bug's Life
25%
159 375 308 1997 Princess Mononoke
4%
163 644 662 1998 Pokémon il film - Mewtwo contro Mew
0%
Nessun quiz corrispondente trovato
Distribuzione punteggi
Percentuale di utenti per punteggio
Percentile per numero di risposta
I tuoi punteggi nel tempo
Non hai fatto questo quiz